| 000 | 00745cam a22002414a 4500 | ||
|---|---|---|---|
| 999 |
_c3483 _d3483 |
||
| 001 | 12265 | ||
| 003 | BD-DhUAP | ||
| 005 | 20200308100901.0 | ||
| 008 | 200308t20052000ii a b 001 0 eng | ||
| 020 | _a8178086913 | ||
| 040 |
_aDLC _cDLC _bEng _dBD-DhUAP |
||
| 082 |
_223 _a621.38152 STR |
||
| 100 | 1 | _aStreetman, Ben G. | |
| 245 | 1 | 0 |
_aSolid state electronic devices / _cBen G. Streetman and Sanjay Banerjee. |
| 250 | _a5th ed. | ||
| 260 |
_aNew Delhi : _bPearson/Prentice Hall, _cc2000 [Reprinted 2005]. |
||
| 300 |
_a580 pages : _billustrations ; _c25 cm. |
||
| 504 | _aIncludes bibliographical references and index. | ||
| 650 | 0 | _aSemiconductors. | |
| 650 | 0 | _aSolid state electronics. | |
| 700 | 1 | _aBanerjee, Sanjay. | |
| 942 |
_2ddc _cBK |
||